Movies Quiz

Random Movies Quiz
Score 0/20 Timer 05:00
0 Plays Today
Hint Answer % Correct
ECEdward Cullen
98.2%
BSBella Swan
98.2%
JBJacob Black
95.3%
CSCharlie Swan
93.5%
CCCarlisle Cullen
93.5%
ACAlice Cullen
93.5%
ECEsme Cullen
92.9%
JHJasper Hale
90.6%
ECEmmett Cullen
90.6%
RHRosalie Hale
90%
Hint Answer % Correct
BBBilly Black
84.7%
VVictoria
84.1%
JJames
80.6%
LLaurent
80%
JJessica
60%
MMike
58.2%
AAngela
55.3%
TTyler
54.1%
EEric
52.4%
RRenee
42.9%
Remove Ads.
Support Sporcle.
Get the best of Sporcle when you Go Orange. This ad-free experience offers more features, more stats, and more fun while also helping to support Sporcle. Thank you for becoming a member.

You're not logged in!

Compare scores with friends on all Sporcle quizzes.
OR
Log In

Show Comments

Extras

Created Sep 18, 2013ReportNominate
Tags:Character, Twilight

Top Quizzes Today


Score Distribution

Your Account Isn't Verified!

In order to create a playlist on Sporcle, you need to verify the email address you used during registration. Go to your Sporcle Settings to finish the process.

Report this User

Report this user for behavior that violates our Community Guidelines.

Details: